000 00648nam a22002297a 4500
005 20191224042214.0
008 150703b2010 ag fr||| |||| 00| 0 spa d
022 _a00651729
040 _aCO-BoIAVH
_cCO-BoIAVH
041 _aspa
044 _aag
090 _aSE
110 _aFundación Miguel Lillo
_935213
245 _aActa Zoológica Lilloana
260 _aArgentino:
_bFundación Miguel Lillo,
_c2010.
300 _bil. fot. col
650 4 _aConservación de fauna
650 4 _aFauna Argentina
650 4 _aFauna
_zArgentina
856 _uhttp://www.lillo.org.ar/?q=taxonomy/term/36
942 _2z
_cREVISTA
_s1
999 _c17522
_d17522